000 00373nam a2200145 i 4500
001 bg
100 1 _aABRAGAM, A.
245 1 0 _aElektronnyj paramagnitnyj rezonans perechodnych ionow.
_nT. 1 /
_cA. Abragam, B. Bleaney.
260 _aMoskva,
_c1972.
700 1 _aBLEANEY, B.
040 _cBPK
041 _apol
942 _cKS
008 s pl f |000 0 pol
999 _c47067
_d47067
856 _uhttp://koha.tu.koszalin.pl/cgi-bin/koha/opac-detail.pl?biblionumber=47067
_yKatalog online BPK